[Event "8th Asrian Memorial 2015"]
[Site "Yerevan ARM"]
[Date "2015.06.17"]
[Round "2.7"]
[White "Pashikian, Arman"]
[Black "Hovhannisyan, Karen"]
[Result "1-0"]
[WhiteTitle "GM"]
[WhiteElo "2604"]
[BlackElo "2304"]
[WhiteFideId "13301578"]
[BlackFideId "13306618"]
[EventDate "2015.06.16"]

1. d4 Nf6 2. Nf3 e6 3. c4 d5 4. g3 Be7 5. Bg2 O-O 6. O-O b6 7. cxd5 exd5 8. Nc3
Bb7 9. Bf4 Nbd7 10. Rc1 c5 11. dxc5 Nxc5 12. Nd4 Nh5 13. Be3 Qd7 14. Qc2 Rfd8
15. Rfd1 Nf6 16. Nf5 Rac8 17. Bxd5 Bxd5 18. Nxd5 Nxd5 19. Rxd5 Qe6 20. Rxd8+
Rxd8 21. b4 Ne4 22. Nd4 1-0

[Event "8th Asrian Memorial 2015"]
[Site "Yerevan ARM"]
[Date "2015.06.17"]
[Round "2.8"]
[White "Hovhannisyan, Robert"]
[Black "Deslandes, Pascal"]
[Result "1-0"]
[WhiteTitle "GM"]
[BlackTitle "FM"]
[WhiteElo "2599"]
[BlackElo "2287"]
[WhiteFideId "13302507"]
[BlackFideId "605239"]
[EventDate "2015.06.16"]

1. e4 e6 2. d4 d5 3. Nc3 Bb4 4. exd5 exd5 5. Bd3 c6 6. Nf3 Ne7 7. O-O O-O 8. Ne2
Bf5 9. Bxf5 Nxf5 10. Qd3 Nh4 11. Ng5 Ng6 12. f4 Be7 13. Nxh7 Kxh7 14. f5 Qd6 15.
Bd2 Na6 16. fxg6+ Qxg6 17. Rf5 Bd6 18. Qh3+ Kg8 19. Rh5 f5 20. Rf1 1-0

[Event "8th Asrian Memorial 2015"]
[Site "Yerevan ARM"]
[Date "2015.06.17"]
[Round "2.9"]
[White "Hakobyan, Aram"]
[Black "Grigoryan, Karen H."]
[Result "0-1"]
[WhiteTitle "FM"]
[BlackTitle "GM"]
[WhiteElo "2283"]
[BlackElo "2590"]
[WhiteFideId "13306677"]
[BlackFideId "13301004"]
[EventDate "2015.06.16"]

1. d4 Nf6 2. c4 g6 3. Nc3 Bg7 4. e4 d6 5. Nf3 O-O 6. Be2 e5 7. O-O Nc6 8. d5 Ne7
9. b4 Nh5 10. Re1 Nf4 11. Bf1 h6 12. Be3 g5 13. Rc1 Neg6 14. Nd2 g4 15. c5 f5
16. Nc4 Nxg2 17. Bxg2 f4 18. Bd2 Nh4 19. cxd6 Qg5 20. dxc7 Nf3+ 21. Kh1 Nxh2 22.
Kg1 Qh4 23. Qe2 f3 24. Qe3 g3 25. fxg3 Qh5 26. Rf1 Ng4 27. Rxf3 Qh2+ 28. Kf1
Nxe3+ 29. Bxe3 Bh3 30. Rxf8+ Rxf8+ 31. Ke2 Qxg2+ 32. Kd3 Qf3 33. d6 Be6 34. Nd2
Qf7 35. Nd5 Ra8 36. Ne7+ Kh7 37. c8=Q Bxc8 38. Nxc8 Qe6 39. Ne7 Qxd6+ 40. Nd5
Qa6+ 41. Nc4 Qxa2 42. Bd2 Rc8 43. g4 Qb3+ 44. Rc3 Qb1+ 45. Ke3 Qg1+ 46. Kd3 Qd4+ 0-1

[Event "8th Asrian Memorial 2015"]
[Site "Yerevan ARM"]
[Date "2015.06.17"]
[Round "2.10"]
[White "Ter-Sahakyan, Samvel"]
[Black "Karatorossian, David"]
[Result "1/2-1/2"]
[WhiteTitle "GM"]
[BlackTitle "IM"]
[WhiteElo "2586"]
[BlackElo "2271"]
[WhiteFideId "13302531"]
[BlackFideId "13300482"]
[EventDate "2015.06.16"]

1. e4 e6 2. d4 d5 3. Nc3 Bb4 4. e5 b6 5. a3 Bxc3+ 6. bxc3 Qd7 7. Qg4 f5 8. Qg3
Ba6 9. Bxa6 Nxa6 10. Ne2 O-O-O 11. a4 Nb8 12. a5 Nc6 13. axb6 cxb6 14. Nf4 g6
15. O-O Nge7 16. Ba3 Na5 17. Bxe7 Qxe7 18. Rxa5 bxa5 19. Qd3 Rhe8 20. Qa6+ Qb7
21. Qxa5 Rd7 22. Nd3 Rc7 23. Nc5 Qb6 24. Qa2 Ree7 25. Rb1 Qc6 26. c4 dxc4 27.
Qxc4 Kd8 28. h4 Ke8 29. Qd3 Rc8 30. Ra1 Rb8 31. h5 gxh5 32. Qh3 Rg7 33. Qxh5+
Kf8 34. Qh3 Rb4 35. c3 Rb2 36. Ra6 Rb6 37. Ra1 Rb2 38. Ra6 Rb6 39. Ra1 Rb2 40.
Ra6 1/2-1/2

[Event "8th Asrian Memorial 2015"]
[Site "Yerevan ARM"]
[Date "2015.06.17"]
[Round "2.11"]
[White "Minasian, Artashes"]
[Black "Sargsyan, Shant"]
[Result "1/2-1/2"]
[WhiteTitle "GM"]
[BlackTitle "CM"]
[WhiteElo "2488"]
[BlackElo "2256"]
[WhiteFideId "13300040"]
[BlackFideId "13306766"]
[EventDate "2015.06.16"]

1. g3 d5 2. Bg2 Nf6 3. d3 Bf5 4. Nf3 h6 5. O-O c6 6. b3 e6 7. Bb2 Be7 8. Nbd2
O-O 9. Ne5 Nbd7 10. e4 Bh7 11. Nxd7 Nxd7 12. Qe2 Bf6 13. e5 Be7 14. f4 a5 15. a3
Qb6+ 16. Kh1 a4 17. b4 c5 18. c4 cxb4 19. axb4 Bxb4 20. cxd5 exd5 21. Rab1 Qa5
22. e6 Bxd2 23. exd7 a3 24. Bxa3 Qxa3 25. Qxd2 Rfd8 26. f5 Rxd7 27. g4 Qd6 28.
Rfe1 h5 29. h3 hxg4 30. hxg4 Qg3 31. Qe3 Qxe3 32. Rxe3 Kf8 33. Re5 Rad8 34. Rb5
d4 35. Bxb7 f6 36. Rec5 g6 37. Kg2 gxf5 38. gxf5 Bg8 39. Be4 Kg7 40. Kf3 Bf7 41.
Rb7 Rxb7 42. Bxb7 Re8 43. Rc7 Kf8 44. Kf4 Re7 45. Rc8+ Re8 46. Rc5 Re7 47. Be4
Rd7 48. Ra5 Rd6 49. Ba8 Ke7 50. Ke4 Be8 51. Bd5 Bd7 52. Ra7 Kd8 53. Kxd4 Bxf5
54. Kc5 Rd7 55. Ra8+ Ke7 56. d4 Rd8 57. Ra7+ Rd7 58. Ra1 Rc7+ 59. Bc6 Be4 60. d5
Kf7 61. Kb6 Rc8 62. Kb7 Rd8 63. Rd1 Ke7 64. Kc7 Rd6 65. Re1 f5 66. Rd1 Bf3 67.
Rd3 Be4 68. Rd4 Bf3 69. Rd2 Be4 70. Re2 Rd8 71. d6+ 1/2-1/2

[Event "8th Asrian Memorial 2015"]
[Site "Yerevan ARM"]
[Date "2015.06.17"]
[Round "2.13"]
[White "Babujian, Levon"]
[Black "Tiraturyan, David"]
[Result "1-0"]
[WhiteTitle "GM"]
[WhiteElo "2459"]
[BlackElo "2232"]
[WhiteFideId "13301993"]
[BlackFideId "13304402"]
[EventDate "2015.06.16"]

1. e4 c5 2. Nc3 Nc6 3. Bb5 e6 4. Bxc6 bxc6 5. d3 Ne7 6. Nf3 Ng6 7. h4 f6 8. h5
Ne5 9. Nxe5 fxe5 10. Qg4 d6 11. Rh3 Rb8 12. b3 Rb7 13. Be3 Rf7 14. O-O-O Be7 15.
Rdh1 O-O 16. Rg3 Kh8 17. Ne2 Bf6 18. Ng1 Qa5 19. Kb2 d5 20. Nf3 c4 21. dxc4 dxc4
22. Bd2 Qc5 23. Bc3 a5 24. h6 g6 25. Ng5 Ra7 26. Rf3 Kg8 27. Rd1 Qe7 28. Qg3
cxb3 29. cxb3 a4 30. b4 a3+ 31. Kc2 Rd7 32. Rxd7 Bxd7 33. Bxe5 Bxg5 34. Rxf8+
Qxf8 35. Qxg5 c5 36. Kb3 cxb4 37. Qd2 Bc6 38. f3 Qe7 39. Qd4 Bb5 40. Bd6 e5 41.
Qc5 Qb7 42. Bxe5 Be2 43. Qd6 Qf7+ 44. Kxb4 Qf8 45. Kxa3 Qxd6+ 46. Bxd6 Bf1 47.
g3 Bg2 48. e5 Kf7 49. f4 Bd5 50. Kb2 Ke6 51. a4 Bb7 52. Kc3 Kd5 53. Kb4 Bc8 54.
Bb8 Bb7 55. a5 Ba6 56. g4 Bc8 57. f5 gxf5 58. g5 f4 59. g6 f3 60. Ba7 1-0

[Event "8th Asrian Memorial 2015"]
[Site "Yerevan ARM"]
[Date "2015.06.17"]
[Round "2.15"]
[White "Petrosyan, Manuel"]
[Black "Manukyan, Sargis A."]
[Result "0-1"]
[WhiteTitle "IM"]
[WhiteElo "2449"]
[BlackElo "2189"]
[WhiteFideId "13300857"]
[BlackFideId "13303970"]
[EventDate "2015.06.16"]

1. Nf3 d5 2. g3 Nf6 3. Bg2 e6 4. c4 Be7 5. O-O O-O 6. b3 c5 7. Bb2 Nc6 8. e3 b6
9. Nc3 Ba6 10. Qe2 Rc8 11. d3 Qc7 12. Rac1 Rfd8 13. Rfd1 Qb8 14. Nb5 Bb7 15.
cxd5 Nxd5 16. a3 Ba6 17. Nc3 Nxc3 18. Bxc3 Bf8 19. Qb2 Qd6 20. Ng5 Qe7 21. Ne4
f5 22. Nd2 Bxd3 23. Nc4 b5 24. Bxc6 bxc4 25. Bb5 Rb8 26. a4 a6 27. Bxa6 Rxb3 28.
Qa2 Qa7 29. Bxc4 Bxc4 30. Rxd8 Rxc3 31. Qxc4 Rxc4 32. Rxc4 Kf7 33. Rd1 Qa6 34.
Rdc1 g5 35. h4 h6 36. hxg5 hxg5 37. e4 f4 38. gxf4 gxf4 39. Kg2 e5 40. R1c3 Qg6+
41. Kf1 Qh5 42. f3 Qh2 43. Ke1 Be7 44. Kd1 Qb2 45. Rd3 Qb1+ 46. Kd2 Qa2+ 47. Rc2
Qxa4 48. Rdc3 Qd4+ 49. Rd3 Qf2+ 50. Kc3 Qf1 51. Kc4 Ke6 52. Rc3 Qb1 53. Rb3 Qa2
54. Kb5 Qa8 55. Rd5 Qb7+ 56. Kc4 Qa6+ 57. Kc3 Qa1+ 58. Kc4 Qc1+ 59. Rc3 Qb2 60.
Kd3 Qa2 61. Rc1 Qa6+ 62. Rc4 Bd6 0-1

[Event "8th Asrian Memorial 2015"]
[Site "Yerevan ARM"]
[Date "2015.06.17"]
[Round "2.16"]
[White "Minasyan, Arnold"]
[Black "Mikaelyan, Arman"]
[Result "0-1"]
[BlackTitle "IM"]
[WhiteElo "2207"]
[BlackElo "2437"]
[WhiteFideId "13303783"]
[BlackFideId "13304852"]
[EventDate "2015.06.16"]

1. e4 c5 2. Nf3 e6 3. d4 cxd4 4. Nxd4 a6 5. Bd3 Qc7 6. O-O Nf6 7. Qe2 d6 8. c4
Nbd7 9. Nc3 Ne5 10. f4 Nxd3 11. Qxd3 Be7 12. Kh1 O-O 13. Be3 Nd7 14. Rac1 b6 15.
Qe2 Bf6 16. b3 Bb7 17. f5 Rae8 18. Qg4 Nc5 19. Rcd1 exf5 20. Rxf5 Nxe4 21. Nxe4
Rxe4 22. Rf4 Rfe8 23. Nf5 Kh8 24. Rxe4 Rxe4 25. Qg3 Be5 26. Qf2 Rg4 27. Ng3 Qe7
28. Bxb6 h5 29. c5 Qh4 30. Rd3 Bd4 31. Qxf7 Qxh2+ 0-1

[Event "8th Asrian Memorial 2015"]
[Site "Yerevan ARM"]
[Date "2015.06.17"]
[Round "2.17"]
[White "Hayrapetyan, Hovik"]
[Black "Hairapetian, Anna"]
[Result "1/2-1/2"]
[WhiteTitle "GM"]
[BlackTitle "WIM"]
[WhiteElo "2436"]
[BlackElo "2178"]
[WhiteFideId "13302639"]
[BlackFideId "13303554"]
[EventDate "2015.06.16"]

1. Nf3 d5 2. d4 e6 3. c4 Nf6 4. Nc3 Be7 5. Bg5 O-O 6. e3 h6 7. Bh4 b6 8. Rc1 Bb7
9. Bd3 dxc4 10. Bxc4 c5 11. O-O cxd4 12. exd4 Nc6 13. a3 Rc8 14. Ba2 a6 15. Qd3
b5 16. Rfe1 Qb6 17. d5 Rfd8 18. Qe2 exd5 19. Bxf6 Bxf6 20. Nxd5 Nd4 21. Nxd4
Bxd5 22. Bxd5 Rxc1 23. Rxc1 Bxd4 24. Bb3 Qd6 25. g3 Qe5 26. Qf3 Qf6 27. Qxf6
Bxf6 28. Rc7 Bxb2 29. Rxf7 Kh8 30. a4 bxa4 31. Bxa4 Rd2 32. h4 g6 33. Bc6 Kg8
34. Rf3 Kg7 35. Kg2 Rd6 36. Ba4 Bd4 37. Rd3 g5 38. hxg5 hxg5 39. f3 Kf6 40. Kh3
a5 41. Bc2 Rc6 42. Rxd4 Rxc2 43. Rd5 a4 44. Kg4 Rc4+ 45. Kh5 Rc3 46. Kg4 Rc4+
47. Kh5 Rc3 48. Kg4 1/2-1/2

[Event "8th Asrian Memorial 2015"]
[Site "Yerevan ARM"]
[Date "2015.06.17"]
[Round "2.18"]
[White "Mari Ooriad, Pouya"]
[Black "Chibukhchian, Artur"]
[Result "1/2-1/2"]
[BlackTitle "GM"]
[WhiteElo "2200"]
[BlackElo "2423"]
[WhiteFideId "12504726"]
[BlackFideId "13300717"]
[EventDate "2015.06.16"]

1. e4 c5 2. Nf3 e6 3. d4 cxd4 4. Nxd4 Nc6 5. Nc3 Qc7 6. Be3 a6 7. Qf3 b5 8. Nxc6
Qxc6 9. Bd3 Bb7 10. Qg3 b4 11. Ne2 Nf6 12. f3 Rc8 13. Nd4 Qc7 14. Nb3 e5 15. O-O
g6 16. Qf2 Be7 17. Bb6 Qb8 18. a3 bxa3 19. bxa3 O-O 20. Na5 d5 21. Nxb7 Qxb7 22.
Rab1 dxe4 23. fxe4 Rc6 24. Be3 Qc7 25. h3 Nh5 26. Rb6 Rxb6 27. Bxb6 Qc6 28. Be3
Bxa3 29. g3 a5 30. Kg2 f5 31. Bh6 Rc8 32. g4 Nf4+ 33. Bxf4 fxe4 34. Bb5 Qxb5 35.
Bh6 Qc4 36. Qf6 Qxc2+ 37. Rf2 Qc7 38. Qe6+ Kh8 39. Bg5 Bf8 40. Rf7 Qc2+ 41. Rf2 1/2-1/2

[Event "8th Asrian Memorial 2015"]
[Site "Yerevan ARM"]
[Date "2015.06.17"]
[Round "2.19"]
[White "Petrosyan, Tigran S."]
[Black "Gaboyan, Susanna"]
[Result "1-0"]
[WhiteTitle "IM"]
[WhiteElo "2423"]
[BlackElo "2153"]
[WhiteFideId "13303678"]
[BlackFideId "13303627"]
[EventDate "2015.06.16"]

1. e4 c5 2. Nf3 Nc6 3. Bb5 g6 4. Bxc6 dxc6 5. d3 Bg7 6. h3 Nf6 7. Nc3 Nd7 8. Be3
e5 9. Qd2 h6 10. O-O Qe7 11. Nh2 Nf8 12. f4 exf4 13. Bxf4 Ne6 14. Bg3 O-O 15.
Nf3 Nd4 16. Rae1 Be6 17. e5 Rad8 18. Nxd4 cxd4 19. Ne4 Kh7 20. Nf6+ Bxf6 21.
Rxf6 Rg8 22. h4 c5 23. Bf4 h5 24. Bg5 Qd7 25. Ref1 Rc8 26. b3 b5 27. R6f4 Qd5
28. Bf6 b4 29. a4 Rc7 30. R1f3 Rgc8 31. Rg3 Kg8 32. Rf5 Kf8 33. Rxh5 Ke8 34. Rh7
Kd7 35. Rxg6 Bf5 36. Rxf7+ Qxf7 37. Rg7 Qxg7 38. Bxg7 Rg8 39. Qg5 Kc6 40. Qf6+
Kb7 41. Bh6 Bg4 42. a5 Bd1 43. a6+ Ka8 44. Qd6 Rgc8 45. Qd5+ Rc6 46. e6 1-0

[Event "8th Asrian Memorial 2015"]
[Site "Yerevan ARM"]
[Date "2015.06.17"]
[Round "2.20"]
[White "Fendereski, Nima"]
[Black "Baghdasaryan, Vahe"]
[Result "0-1"]
[BlackTitle "IM"]
[WhiteElo "2180"]
[BlackElo "2402"]
[WhiteFideId "12533807"]
[BlackFideId "13303139"]
[EventDate "2015.06.16"]

1. e4 c5 2. Nf3 d6 3. d4 cxd4 4. Nxd4 Nf6 5. f3 e5 6. Nb3 Nc6 7. c4 a5 8. Be3 a4
9. N3d2 Qa5 10. a3 Be7 11. Nc3 Bd8 12. Nb5 Bb6 13. Nxd6+ Ke7 14. Bxb6 Qxb6 15.
Nb5 Rd8 16. Qc2 Nd4 17. Nxd4 Rxd4 18. O-O-O Be6 19. Be2 Nd7 20. Nb1 Rc8 21. Nc3
Bxc4 22. Rxd4 Qxd4 23. Bxc4 Rxc4 24. Rd1 Qe3+ 25. Kb1 Ke6 26. Rd3 Qg1+ 27. Ka2
Nc5 28. Rd6+ Ke7 29. Rd1 Rxc3 30. bxc3 Qxh2 31. Qf2 b6 32. Qd2 f6 33. Rb1 Nb3
34. Qf2 h5 35. Qxb6 Qxg2+ 36. Rb2 Qf1 37. Qb4+ Kf7 38. Rb1 Qe2+ 39. Rb2 Qd1 40.
Rb1 Nc1+ 41. Ka1 h4 42. Qc4+ Kg6 43. Qe6 Nb3+ 44. Ka2 Qe2+ 45. Rb2 Qxf3 46. Qc6
Kg5 47. Qxa4 Nc1+ 48. Ka1 Nd3 49. Rb1 h3 50. Qa7 g6 51. Qg1+ Kh6 52. Qh2 Nf2 53.
Rc1 g5 54. Rc2 Nxe4 55. a4 g4 56. Kb2 Qf1 57. Rc1 Qf2+ 58. Rc2 Qxh2 59. Rxh2 Kg7
60. Rh1 g3 0-1

[Event "8th Asrian Memorial 2015"]
[Site "Yerevan ARM"]
[Date "2015.06.17"]
[Round "2.21"]
[White "Matevosyan, Sedrak"]
[Black "Andriasian, Zaven"]
[Result "0-1"]
[BlackTitle "GM"]
[WhiteElo "2174"]
[BlackElo "2600"]
[WhiteFideId "13302035"]
[BlackFideId "13302000"]
[EventDate "2015.06.16"]

1. c4 e5 2. Nc3 Nc6 3. Nf3 Nf6 4. g3 Bb4 5. Bg2 Bxc3 6. bxc3 d6 7. O-O O-O 8. d3
h6 9. e4 Nh7 10. Rb1 Rb8 11. Ne1 f5 12. f4 fxe4 13. Bxe4 Bh3 14. Bd5+ Kh8 15.
Ng2 Qd7 16. Qa4 Nf6 17. Be3 exf4 18. Nxf4 Bxf1 19. Ng6+ Kh7 20. Nxf8+ Rxf8 21.
Bxc6 Qe6 22. Bf2 Bxd3 23. Re1 Qf5 24. Bg2 Ng4 25. Bxa7 b6 26. Qd1 Qc5+ 0-1

[Event "8th Asrian Memorial 2015"]
[Site "Yerevan ARM"]
[Date "2015.06.17"]
[Round "2.23"]
[White "Abrahamyan, Rashid"]
[Black "Torosyan, Norayr"]
[Result "0-1"]
[WhiteElo "1747"]
[BlackElo "2336"]
[WhiteFideId "13304054"]
[BlackFideId "13300431"]
[EventDate "2015.06.16"]

1. Nf3 Nf6 2. c4 e6 3. g3 d5 4. Bg2 Be7 5. O-O O-O 6. Qc2 d4 7. b3 c5 8. a3 Nc6
9. d3 e5 10. Nbd2 h6 11. Re1 Bf5 12. h3 Qd7 13. Kh2 Rad8 14. Nf1 Bh7 15. Bd2 a5
16. Reb1 Ne8 17. Ne1 f5 18. b4 axb4 19. Bxc6 Qxc6 20. axb4 f4 21. f3 fxg3+ 22.
Nxg3 Bh4 23. Kg2 Bxg3 24. Kxg3 Nf6 25. Kh2 e4 26. Qa4 Qxa4 27. Rxa4 exd3 28. e4
b5 29. Ra7 bxc4 30. bxc5 c3 31. Bf4 d2 32. Bxd2 cxd2 0-1

[Event "8th Asrian Memorial 2015"]
[Site "Yerevan ARM"]
[Date "2015.06.18"]
[Round "3.1"]
[White "Mikaelyan, Arman"]
[Black "Efimenko, Zahar"]
[Result "0-1"]
[WhiteTitle "IM"]
[BlackTitle "GM"]
[WhiteElo "2437"]
[BlackElo "2647"]
[WhiteFideId "13304852"]
[BlackFideId "14107201"]
[EventDate "2015.06.16"]

1. d4 Nf6 2. Nf3 e6 3. c4 d5 4. Nc3 Nbd7 5. Bg5 Bb4 6. e3 c5 7. cxd5 exd5 8. Bd3
c4 9. Bxf6 Bxc3+ 10. bxc3 Nxf6 11. Bc2 Qa5 12. Qd2 Ne4 13. Bxe4 dxe4 14. Ng1 Bg4
15. h3 Bh5 16. g4 Bg6 17. Ne2 O-O 18. Nf4 f6 19. Rb1 Rab8 20. O-O Bf7 21. Rb4
Qg5 22. Rfb1 b6 23. Rb5 Qh6 24. Kg2 Be8 25. Rf5 g6 26. Rc5 f5 27. gxf5 Bd7 28.
Rc7 Bxf5 29. Qe2 Kh8 30. Rb5 Qg5+ 31. Kh2 Qh4 32. Rxa7 Bxh3 33. Nxh3 Rf3 34.
Qxf3 exf3 35. Rg5 Rf8 36. Rd7 Rf5 37. Rxf5 gxf5 38. Rf7 Qh5 39. Rf8+ Kg7 40. Rb8
f4 41. Rb7+ Kf8 42. Rxb6 fxe3 43. fxe3 Qg4 44. Rb8+ Ke7 45. Nf4 f2 46. Rb1 h5
47. a4 h4 48. Rf1 Qg3+ 49. Kh1 Kd6 50. a5 Qxe3 0-1

[Event "8th Asrian Memorial 2015"]
[Site "Yerevan ARM"]
[Date "2015.06.18"]
[Round "3.2"]
[White "Khismatullin, Denis"]
[Black "Babujian, Levon"]
[Result "1-0"]
[WhiteTitle "GM"]
[BlackTitle "GM"]
[WhiteElo "2646"]
[BlackElo "2459"]
[WhiteFideId "4142578"]
[BlackFideId "13301993"]
[EventDate "2015.06.16"]

1. d4 Nf6 2. c4 g6 3. Nf3 Bg7 4. b4 O-O 5. e3 d6 6. Bb2 e5 7. dxe5 Nfd7 8. Nc3
Nxe5 9. Be2 Nxf3+ 10. Bxf3 Nc6 11. Qb3 a5 12. a3 Ne5 13. Be2 Be6 14. O-O a4 15.
Qa2 Qh4 16. Nd5 c6 17. Nf4 Bf5 18. Rad1 Rad8 19. Rd2 Rfe8 20. Qa1 Bg4 21. Bxg4
Qxg4 22. h3 Qg5 23. Rc2 Qf5 24. Qd1 Qe4 25. Qe2 Bh6 26. Rd1 Bg7 27. Rd4 Qf5 28.
Rd1 h5 29. Rcd2 Kh7 30. Rd4 Rd7 31. R1d2 c5 32. bxc5 dxc5 33. Rxd7 Nxd7 34. Bxg7
Kxg7 35. Nd5 Ne5 36. Nc3 b6 37. Nd5 Qb1+ 38. Kh2 Qb3 39. Rb2 Qxa3 40. Nxb6 Rd8
41. Qc2 Rd1 42. Nxa4 Qa1 43. Qc3 h4 44. Qxe5+ Kh7 45. g3 Rh1+ 46. Kg2 hxg3 47.
Qd5 Rg1+ 48. Kf3 Kg7 49. Qe5+ Kh7 50. Qf6 Qd1+ 51. Kf4 Qd7 52. Nxc5 Qc7+ 53. Qe5
gxf2 54. Rxf2 Qd8 55. Ne4 Kh6 56. Qf6 Qb8+ 57. Kf3 Kh5 58. Qxf7 Qh8 59. Ke2 Qb2+
60. Kf3 Qh8 61. c5 Kh6 62. Qf4+ g5 63. Qf6+ 1-0

[Event "8th Asrian Memorial 2015"]
[Site "Yerevan ARM"]
[Date "2015.06.18"]
[Round "3.3"]
[White "Baghdasaryan, Vahe"]
[Black "Oleksiyenko, Mykhaylo"]
[Result "1-0"]
[WhiteTitle "IM"]
[BlackTitle "GM"]
[WhiteElo "2402"]
[BlackElo "2629"]
[WhiteFideId "13303139"]
[BlackFideId "4152417"]
[EventDate "2015.06.16"]

1. Nf3 g6 2. e4 Bg7 3. d4 d6 4. Nc3 Nf6 5. Bg5 O-O 6. Qd2 Bg4 7. Bh6 Bxf3 8.
gxf3 e5 9. Bxg7 Kxg7 10. f4 exd4 11. Qxd4 Nc6 12. Qd2 Re8 13. Bg2 Nxe4 14. Nxe4
f5 15. Qc3+ Kg8 16. h4 d5 17. h5 d4 18. Qb3+ Kg7 19. hxg6 hxg6 20. O-O-O 1-0

[Event "8th Asrian Memorial 2015"]
[Site "Yerevan ARM"]
[Date "2015.06.18"]
[Round "3.4"]
[White "Nadanian, Ashot"]
[Black "Pashikian, Arman"]
[Result "0-1"]
[WhiteTitle "IM"]
[BlackTitle "GM"]
[WhiteElo "2380"]
[BlackElo "2604"]
[WhiteFideId "13300393"]
[BlackFideId "13301578"]
[EventDate "2015.06.16"]

1. d4 Nf6 2. c4 e6 3. Nc3 Bb4 4. f3 c5 5. d5 O-O 6. e4 d6 7. Bg5 h6 8. Bh4 Re8
9. Ne2 exd5 10. cxd5 Nbd7 11. Qb3 Ne5 12. Nc1 Ng6 13. Bf2 Nf4 14. Kd1 a6 15. h4
b5 16. h5 Qe7 17. g3 Bxc3 18. Qxc3 Nxe4 19. fxe4 Qxe4 20. Rh4 Qxd5+ 21. Bd3 b4
22. Qb3 c4 23. Qxc4 Qf3+ 24. Be2 Nxe2 25. Nxe2 Qxf2 26. Rf4 d5 27. Qd3 Qg2 28.
Kd2 Bd7 29. Qf3 Qxf3 30. Rxf3 Bg4 31. Rf2 Bxh5 32. Nd4 Re4 33. Rf4 Rae8 34. Raf1
g5 35. Rxe4 Rxe4 0-1

[Event "8th Asrian Memorial 2015"]
[Site "Yerevan ARM"]
[Date "2015.06.18"]
[Round "3.5"]
[White "Manukyan, Sargis A."]
[Black "Hovhannisyan, Robert"]
[Result "0-1"]
[BlackTitle "GM"]
[WhiteElo "2189"]
[BlackElo "2599"]
[WhiteFideId "13303970"]
[BlackFideId "13302507"]
[EventDate "2015.06.16"]

1. d4 Nf6 2. c4 e6 3. Nc3 Bb4 4. Bg5 c5 5. d5 d6 6. e3 Bxc3+ 7. bxc3 Qe7 8. Nf3
Nbd7 9. Be2 h6 10. Bh4 Nb6 11. O-O exd5 12. cxd5 Nbxd5 13. Qd2 O-O 14. Rfd1 Be6
15. c4 Nb6 16. Bxf6 Qxf6 17. Qxd6 Na4 18. Bf1 Nc3 19. Rdc1 Ne4 20. Qe5 Qxe5 21.
Nxe5 Rfd8 22. Nd3 b6 23. Nf4 Rd2 24. f3 Nd6 25. Nxe6 fxe6 26. Rd1 Rxd1 27. Rxd1
Rd8 28. f4 Kf8 29. e4 e5 30. g3 Ke7 31. Rd5 exf4 32. gxf4 Rf8 33. f5 Re8 34. Bd3
Nf7 35. e5 Rd8 36. e6 Rxd5 37. cxd5 Nd6 38. Kf2 Kf6 39. Ke3 Ke5 40. h4 Kxd5 41.
Kd2 c4 42. Bc2 Nc8 43. Kc3 Kc5 44. Be4 b5 45. h5 b4+ 46. Kd2 Kd4 47. Bc2 Ne7 48.
Kc1 Kc3 49. Kb1 a5 50. Be4 a4 51. Ka1 a3 52. Kb1 b3 53. axb3 cxb3 54. Ka1 a2 55.
Bb7 Nxf5 56. Be4 Nd4 0-1

[Event "8th Asrian Memorial 2015"]
[Site "Yerevan ARM"]
[Date "2015.06.18"]
[Round "3.6"]
[White "Grigoryan, Karen H."]
[Black "Petrosyan, Tigran S."]
[Result "0-1"]
[WhiteTitle "GM"]
[BlackTitle "IM"]
[WhiteElo "2590"]
[BlackElo "2423"]
[WhiteFideId "13301004"]
[BlackFideId "13303678"]
[EventDate "2015.06.16"]

1. Nf3 d5 2. g3 c6 3. Bg2 g6 4. c4 Bg7 5. Qa4 Nf6 6. cxd5 Nxd5 7. d4 O-O 8. O-O
Nd7 9. Nc3 Nxc3 10. bxc3 e5 11. Qc2 Re8 12. e4 Qc7 13. Re1 b6 14. Bg5 c5 15. d5
c4 16. Nd2 a6 17. a4 Rb8 18. Reb1 b5 19. axb5 axb5 20. Be3 Rb7 21. Ra6 Nb8 22.
Ra2 Nd7 23. Rab2 Qb8 24. f4 exf4 25. gxf4 Bh6 26. Rf1 Ne5 27. Nf3 Ng4 28. Bd4
Bxf4 29. Kh1 Nxh2 30. Nxh2 Bxh2 31. Qf2 Bg3 32. Qf3 Qc7 33. Ra2 Be5 34. Ra6 Qe7
35. Kg1 Rf8 36. d6 Qe6 37. Rc6 Bd7 38. Rc5 Bxd4+ 39. cxd4 Qxd6 40. Qf2 Qe7 41.
e5 Rbb8 42. Rc7 Qd8 43. Ra7 Bf5 44. Qe3 Qb6 45. Ra2 Rbd8 46. Rd2 b4 47. Rxf5
gxf5 48. Bh3 c3 49. e6 Qxe6 50. Rg2+ Kh8 0-1

[Event "8th Asrian Memorial 2015"]
[Site "Yerevan ARM"]
[Date "2015.06.18"]
[Round "3.7"]
[White "Areshchenko, Alexander"]
[Black "Vardanian, Haik G."]
[Result "1-0"]
[WhiteTitle "GM"]
[BlackTitle "FM"]
[WhiteElo "2656"]
[BlackElo "2315"]
[WhiteFideId "14109530"]
[BlackFideId "13303562"]
[EventDate "2015.06.16"]

1. e4 c5 2. Nf3 e6 3. d4 cxd4 4. Nxd4 a6 5. Nc3 Qc7 6. Bd3 Nc6 7. Nxc6 dxc6 8.
O-O Nf6 9. f4 e5 10. Kh1 Bd6 11. f5 Bc5 12. a4 b6 13. Qe2 h6 14. Nd1 Bb7 15. Bd2
b5 16. Nf2 Bd4 17. c3 Bxf2 18. Rxf2 O-O 19. g4 Rfd8 20. g5 hxg5 21. Bxg5 Rd6 22.
Rg1 Kf8 23. Rfg2 Rad8 24. Bc2 c5 25. axb5 axb5 26. Bxf6 gxf6 27. Rg7 Bc6 28. Qe3
Be8 29. h4 c4 30. h5 Rd3 31. Bxd3 Rxd3 32. Qh6 Ke7 33. Rg8 Qc6 34. Qf8+ Kd8 35.
Re1 Qd7 36. h6 Rh3+ 37. Kg2 Rh5 38. Rd1 Rg5+ 39. Kf2 1-0